00689nam a2200193Ia 4500952014300000999001700143003000400160005001700164008004100181020001800222040000900240082002200249100002800271245006600299260005800365300000900423650001300432942005000445 00102ddc40708SSaMESbMEScMALd2019-02-20g60.00l1o894.812301 BAL/Rp31668r2020-02-19 00:00:00s2020-02-06w2019-02-20yBKzGR30R1 c28998d28998OSt20210108095248.0190216s9999||||xx |||||||||||||| ||und|| a9788182642843 coclc a894.812301bBAL/R aBalakrishnan, P K91791 0aReshmi Jain Enna Penkuttiyude Oru Divasam /cP K Balakrishnan bMathrubhumi Printing & Publishing,aKozhikode:c2007. a114p aKathakal cBK2ddch894.812301iBAL/Rk894.812301mBAL/R